| 000 | 01022cam a22003257a 4500 | ||
|---|---|---|---|
| 003 | CHAP | ||
| 005 | 20220329140340.0 | ||
| 008 | 971013s1944 r 00010 d | ||
| 010 | _a50783 | ||
| 011 | _a51755 | ||
| 035 | _a55905 | ||
| 040 | _cCHAP | ||
| 090 | _aFolleto 11750 | ||
| 100 | 0 | 0 |
_aVogt, Guillermo. _9120612 |
| 245 | 1 | 3 | _aEl hombre y la tierra |
| 260 |
_aMéxico, D.F. : _bSecretaría de Educación Pública, _c1944 |
||
| 300 |
_a94 p. _b: ilus. |
||
| 490 | 0 |
_aBiblioteca enciclopédica popular _v; 32 |
|
| 590 |
_aBATCH-UPD _b10 _c20130110 _lUCH01 _h0806 |
||
| 590 |
_aBATCH-UPD _b10 _c20130410 _lUCH01 _h0444 |
||
| 590 |
_aBATCH-UPD _b10 _c20130914 _lUCH01 _h0620 |
||
| 590 |
_aCONVERSION _b10 _c20130109 _lUCH01 _h1328 |
||
| 650 | 1 | 4 |
_aHombre. _956037 |
| 650 | 1 | 4 |
_aSuelos. _9110191 |
| 830 | 0 |
_aBiblioteca enciclopédica popular _v; 32 _912386 |
|
| 901 | _aBK | ||
| 942 | _cFOLL | ||
| 949 |
_aFolleto 11750 _bBC _cBPP _d-122389 _eBPP _i55905 _si |
||
| 949 |
_aFolleto 11750 _bBC _cBPP _d-122392 _eBPP _fc.2 _i55905 _si |
||
| 999 |
_c50783 _d50783 |
||